Statistics for Държави по буква - М

Click here to take the quiz!

General Stats

  • This quiz has been taken 24 times
  • The average score is 11 of 17

Answer Stats

Държава% Correct
Мавритания
78%
Мали
78%
Монако
78%
Мозамбик
78%
Малта
78%
Монголия
78%
Молдова
72%
Малдиви
67%
Малайзия
67%
Мавриций
67%
Мадагаскар
67%
Малави
61%
Мароко
61%
Мианмар
56%
Мексико
50%
Микронезия
44%
Маршалови острови
39%

Score Distribution

Percentile by Number Answered

Percent of People with Each Score

Your Score History

You have not taken this quiz